Fishing Rights on the Floodplains of Gwendegue: Winye Country, Central Western Burkina Faso. (Record no. 5555)
[ view plain ]
| 000 -LEADER | |
|---|---|
| fixed length control field | 00542nam a2200109Ia 4500 |
| 008 - FIXED-LENGTH DATA ELEMENTS--GENERAL INFORMATION | |
| fixed length control field | 180412s9999||||xx |||||||||||||| ||und|| |
| 040 ## - CATALOGING SOURCE | |
| Original cataloging agency | Ahmadu Bello University Library - Zaria |
| 100 ## - MAIN ENTRY--PERSONAL NAME | |
| Personal name | Jean-Pierre Jacob |
| 245 #0 - TITLE STATEMENT | |
| Title | Fishing Rights on the Floodplains of Gwendegue: Winye Country, Central Western Burkina Faso. |
| Statement of responsibility, etc. | INTERNATIONAL INSTITUTE FOR ENVIRONMENT AND DEVELOPMENT. |
| 260 ## - PUBLICATION, DISTRIBUTION, ETC. | |
| Name of publisher, distributor, etc. | IIED, London |
| Date of publication, distribution, etc. | 2003 |
| 300 ## - PHYSICAL DESCRIPTION | |
| Extent | 24p |
| 500 ## - GENERAL NOTE | |
| General note | Fishing rights on the flodplains of Gwendegue: Winye country, central Western Burkina Faso / Jean-Pierre Jacob .- London : IIED; 2003. |
No items available.